Classifica Marcatori Athletic Bilbao All-Time - Statistics

Statistiche generali
  • Questo quiz è stato fatto 3 volte
  • Il punteggio medio è 2 su 10
Statistiche sulle risposte
Gol Nazione Calciatore % Corretto
170 Spagna Aritz Aduriz
100%
113 Spagna Bata
33%
116 Spagna Fernando Llorente
33%
120 Spagna Guillermo Gorostiza
33%
335 Spagna Telmo Zarra
33%
130 Spagna Eneko Arieta
0%
121 Spagna Ismael Urzaiz
0%
172 Spagna José Panizo
0%
145 Spagna Piru Gaínza
0%
111 Spagna Rafael Iriondo
0%
Nessun quiz corrispondente trovato
Distribuzione punteggi
Percentuale di utenti per punteggio
Percentile per numero di risposta
I tuoi punteggi nel tempo
Non hai fatto questo quiz